Qualifiés pour la Coupe du Monde 2026 (Mort subite) - Statistiques

Statistiques générales
  • Ce quiz a été pris 176 fois
  • Le résultat moyen est 12 sur 20
Answers on the Grid
Answers color-coded by a green-red scale on the quiz's grid according to % correct below.
Autriche
Canada
Cap-Vert
Corée du Sud
Côte d'Ivoire
Curaçao
Ecosse
Equateur
France
Ghana
Haïti
Iran
Jordanie
Norvège
Nouvelle-Zélande
Ouzbékistan
Panama
Paraguay
Pays-Bas
Uruguay
Bulgarie
Cameroun
Chili
Chine
Corée du Nord
Finlande
Gabon
Honduras
Costa Rica
Géorgie
Grèce
Hongrie
Inde
Israël
Kazakhstan
Kenya
Palestine
Serbie
Tahiti
Venezuela
 
Statistiques - réponses
Réponse % Correct
France
82%
Pays-Bas
78%
Norvège
73%
Uruguay
71%
Canada
70%
Corée du Sud
65%
Curaçao
65%
Ecosse
64%
Cap-Vert
61%
Côte d'Ivoire
61%
Autriche
60%
Equateur
59%
Haïti
59%
Iran
56%
Nouvelle-Zélande
56%
Ghana
52%
Panama
51%
Jordanie
50%
Ouzbékistan
50%
Paraguay
46%
Aucun quiz correspondant
Distribution des résultats
% des personnes avec chaque résultat
Percentile par nombre de réponses
Votre historique - résultats
Vous n’avez pas pris ce quiz